00546nam a2200145Ia 4500008004100000040001800041041000800059110004600067245009300113260005500206300003900261490005300300650003300353650001400386130821s2000 xxu gs spa  aCo-BoUCMbspa00aspa2 aCoastal Training Technologies Corporation10aHabilidades de supervisión tome el controlc[videograbación]cCoastal International aRichmond (Virginia, Estados Unidos)bCoastalc2000 a1 videocasette vhs [16 min]e1 DVD aProgramas de entretenimiento en recursos humanos04aAdministración de empresas04aLiderazgo